| 000 | 00496nam a2200205Ia 4500 | ||
|---|---|---|---|
| 008 | 170918s9999 xx 000 0 und d | ||
| 020 | _a9780531293119 | ||
| 050 | _bF911 2011 | ||
| 100 | _aFriedman, Mark | ||
| 245 | 4 | _aThe Apache / | |
| 245 | _cby Mark Friedman and Peter Benoit. | ||
| 260 | _aNew York : | ||
| 260 | _bChildren's Press, | ||
| 260 | _c2011 | ||
| 300 | _a48 pages : | ||
| 300 | _bcolored illustration ; | ||
| 300 | _c21cm. | ||
| 300 | _eA true book. | ||
| 500 | _a830 | ||
| 999 |
_c343165 _d343165 |
||